Pete the cat and his four groovy buttons / (Record no. 2212)

MARC details
000 -LEADER
fixed length control field 01298cam a2200373 a 4500
001 - CONTROL NUMBER
control field 2212
003 - CONTROL NUMBER IDENTIFIER
control field FISKH
005 - DATE AND TIME OF LATEST TRANSACTION
control field 20250731135912.0
008 - FIXED-LENGTH DATA ELEMENTS--GENERAL INFORMATION
fixed length control field 110712s2012 nyua b 000 1 eng
010 ## - LIBRARY OF CONGRESS CONTROL NUMBER
LC control number 2011019366
020 ## - INTERNATIONAL STANDARD BOOK NUMBER
International Standard Book Number 9780062110589 (trade bdg.)
020 ## - INTERNATIONAL STANDARD BOOK NUMBER
International Standard Book Number 9780062110596 (lib. bdg.)
020 ## - INTERNATIONAL STANDARD BOOK NUMBER
International Standard Book Number 9780545649148
040 ## - CATALOGING SOURCE
Original cataloging agency DLC
Transcribing agency DLC
Modifying agency DLC
Language of cataloging eng
042 ## - AUTHENTICATION CODE
Authentication code lcac
-- pcc
050 00 - LIBRARY OF CONGRESS CALL NUMBER
Classification number PZ7.L7376
Item number Pff 2012
082 00 - DEWEY DECIMAL CLASSIFICATION NUMBER
Classification number 513.2
Edition number 23
100 1# - MAIN ENTRY--PERSONAL NAME
Personal name Litwin, Eric.
245 10 - TITLE STATEMENT
Title Pete the cat and his four groovy buttons /
Statement of responsibility, etc. Written by Eric Litwin ; Art by James Dean (creator of Pete the Cat)
250 ## - EDITION STATEMENT
Edition statement First Scholastic printing, September 2013
260 ## - PUBLICATION, DISTRIBUTION, ETC.
Place of publication, distribution, etc. New York :
Name of publisher, distributor, etc. Scholastic,
Date of publication, distribution, etc. 2012
300 ## - PHYSICAL DESCRIPTION
Extent 40 unnumbered pages :
Other physical details color illustrations ;
Dimensions 28 cm
505 ## - FORMATTED CONTENTS NOTE
Formatted contents note F<br/>
520 ## - SUMMARY, ETC.
Summary, etc. Pete the cat loves the buttons on his shirt so much that he makes up a song about them, and even as the buttons pop off, one by one, he still finds a reason to sing.
521 1# - TARGET AUDIENCE NOTE
Target audience note 350 <br/>
Source Lexile AD<br/>
521 1# - TARGET AUDIENCE NOTE
Target audience note F<br/>
Source Raz-Plus<br/>
650 #1 - SUBJECT ADDED ENTRY--TOPICAL TERM
Topical term or geographic name entry element Cats
Form subdivision Fiction.
650 #1 - SUBJECT ADDED ENTRY--TOPICAL TERM
Topical term or geographic name entry element Buttons
Form subdivision Fiction.
650 #1 - SUBJECT ADDED ENTRY--TOPICAL TERM
Topical term or geographic name entry element Singing
Form subdivision Fiction.
650 #1 - SUBJECT ADDED ENTRY--TOPICAL TERM
Topical term or geographic name entry element Counting.
700 1# - ADDED ENTRY--PERSONAL NAME
Personal name Dean, James,
Dates associated with a name 1957-
Relator term illustrator
906 ## - LOCAL DATA ELEMENT F, LDF (RLIN)
a 7
b cbc
c orignew
d 1
e ecip
f 20
g y-gencatlg
942 ## - ADDED ENTRY ELEMENTS (KOHA)
Source of classification or shelving scheme Dewey Decimal Classification
Koha item type Books
Suppress in OPAC No
Holdings
Withdrawn status Lost status Source of classification or shelving scheme Damaged status Not for loan Collection Home library Current library Shelving location Date acquired Total Checkouts Full call number Barcode Date last seen Date last checked out Copy number Price effective from Koha item type
    Dewey Decimal Classification     Juvenile Fiction Footprints International School Library Network Toul Kork Campus Footprints International School Library Network Toul Kork Campus TK Primary Library Room(4th Floor), Bookcase 1&2, Shelves 1-16, Dark Blue Books 11/10/2023 6 LIT 513.2 PZ7.L7376 FISBK05101 12/18/2024 12/11/2024 1 11/10/2023 Books
    Dewey Decimal Classification     Juvenile Fiction Footprints International School Library Network Toul Kork Campus Footprints International School Library Network Toul Kork Campus TK Primary Library Room(4th Floor), Bookcase 1&2, Shelves 1-16, Dark Blue Books 07/09/2025 1 LIT 513.2 PZ7.L7376 FISBK05118 03/25/2026 12/10/2025 2 07/09/2025 Books
    Dewey Decimal Classification     Juvenile Fiction Footprints International School Library Network Toul Tom Poung Campus Footprints International School Library Network Toul Tom Poung Campus TTP Primary Dark Blue Bookshelves 07/31/2025 1 LIT 513.2 PZ7.L7376 FISBK05097 04/23/2026 03/26/2026 3 07/31/2025 Books